000
00292nam a22001337a 4500
008
210426b ||||| |||| 00| 0 eng d
041
_a
eng
080
_a
53
082
_a
53
100
_a
43
101
_a
FIZ
245
_a
Physics Concepts and Consequences
_c
Murray,R.L
942
_2
udc
_c
BK
999
_c
56710
_d
56710